000 00486nam a2200229Ia 4500
003 IT-RoPAU
008 120407s9999 xx 000 0 und d
040 _aIT-RoPAU
040 _cIT-RoPAU
041 _aita
100 _aHenri Bourgeois
245 _aL’avvenire della cresima
250 _aRoma
260 _aCoines
260 _c1973
300 _a220 p.
300 _c19 cm
490 _aCristianesimo e mondo d’oggi
490 _v1
942 _cBK
999 _c29220
_d29220